000 01023nam a2200241Ia 4500
003 IN-BaIIA
008 211028s9999 xx 000 0 eng d
020 _a978-0-387-72767-7
040 _cIIA Library
080 _a524.6(082.1)
_bMAP
111 _aSymposium on Mapping the Galaxy and Nearby Galaxies
_cJapan
_d2006 June 26 -June 30
_931700
245 0 _aMapping the galaxy and nearby galaxies
_bproceedings of a symposium on mapping the galaxy and nearby galaxies held in Ishigaki, Japan, 26 June - 30 June, 2006
_cedited by Keiichi Wada and Francoise Combes
260 _aNew York
_bSpringer
_c2008
300 _axviii, 392p.
490 _aAstrophysics and space science proceedings
650 _aEvolution - congresses
_931701
650 _aGalactic astronomy - congresses
_931702
650 _aGalaxies - congresses
_914448
650 _aMilky way - congresses
_920224
700 _aCombes, Francoise., ed.
_931703
700 _aWada, Keiichi, ed.
_931704
942 _cBK
999 _c16939
_d16939